[Event "Mexico City Latinoamericano op 1st"]
[Site "Mexico City"]
[Date "2021.11.05"]
[Round "1"]
[White "Cerrillo De la Torre, Isaac Manue"]
[Black "Lopez Rayo, Santiago"]
[Result "1/2-1/2"]
[WhiteElo "1649"]
[BlackElo "2082"]
[PlyCount "71"]
[EventDate "2021.11.04"]
[EventType "swiss"]
[EventRounds "9"]
[EventCountry "MEX"]
[SourceTitle "EXT 2023"]
[Source "ChessBase"]
[SourceDate "2022.10.05"]
[SourceVersion "1"]
[SourceVersionDate "2022.10.05"]
[SourceQuality "1"]

1. c4 e5 2. d3 Nc6 3. g3 g6 4. Bg2 Bg7 5. Nf3 Nge7 6. Nc3 d6 7. 0-0 0-0 8. Rb1 f5 9. e3 h6 10. d4 e4 11. Ne1 a5 12. f3 exf3 13. Nxf3 Qe8 14. Nb5 Qd8 15. a3 d5 16. cxd5 Nxd5 17. Nh4 Nde7 18. Qb3+ Kh7 19. Bd2 g5 20. Nf3 Rf6 21. d5 g4 22. Nh4 Ne5 23. Bc3 Rf8 24. Rbd1 a4 25. Qb4 N7g6 26. Nxg6 Kxg6 27. Qf4 Bd7 28. Nxc7 Qxc7 29. d6 Qb6 30. Bxe5 Bxe5 31. Qxe5 Rfe8 32. Qd4 Qxd4 33. Rxd4 Rxe3 34. Bxb7 Rb8 35. Rb4 Ra8 36. Rd4 1/2-1/2